000 00259nam a22000977a 4500
999 _c11699
_d11699
008 200110b ||||| |||| 00| 0 eng d
020 _a9780375830082
100 _aPenner Reecht Lucille
_97398
245 _aUnicorns
260 _aNew York
_bStepping stone book
_c2005